Magic the Gathering: Return to Ravnica Block Characters - Statistics

General Stats
  • This quiz has been taken 11 times
  • The average score is 15 of 25
Answer Stats
Picture Hint Answer % Correct
Return to Ravnica Niv-Mizzet, Dracogenius
100%
Return to Ravnica Jace, Architect of Thought
90%
Gatecrash Domri Rade
80%
Gatecrash Gideon, Champion of Justice
80%
Return to Ravnica Rakdos, Lord of Riots
80%
Dragon's Maze Ral Zarek
80%
Return to Ravnica Vraska the Unseen
80%
Gatecrash Aurelia, the Warleader
70%
Gatecrash Borborygmos Enraged
70%
Dragon's Maze Lavinia of the Tenth
70%
Gatecrash Obzedat, Ghost Council
70%
Return to Ravnica Jarad, Golgari Lich Lord
60%
Gatecrash Lazav, Dimir Mastermind
60%
Dragon's Maze Teysa, Envoy of Ghosts
60%
Return to Ravnica Trostani, Selesnya's Voice
60%
Gatecrash Prime Speaker Zegana
50%
Dragon's Maze Ruric Thar, the Unbowed
50%
Return to Ravnica Isperia, Supreme Judge
40%
Dragon's Maze Tajic, Blade of the Legion
40%
Dragon's Maze Varolz, the Scar-Striped
40%
Dragon's Maze Emmara Tandris
30%
Dragon's Maze Mirko Vosk, Mind Drinker
30%
Dragon's Maze Vorel of the Hull Clade
30%
Dragon's Maze Exava, Rakdos Blood Witch
20%
Dragon's Maze Melek, Izzet Paragon
20%
No matching quizzes found
Score Distribution
Percent of People with Each Score
Percentile by Number Answered
Your Score History
You have not taken this quiz